مكتبة جامعة عجلون الوطنية

فهرس بحث المكتبة

أثر خصائص رؤساء البلديات على الأداء المالي في بلديات إربد الكبرى في الأردن ، مخصص البلدية: متغير معدل = The Impact of the Characteristics of Mayors on financial Performance in the Municipalities of Greater Irbid in Jordan, Municipal Allocation: as A Moderating Variable (Record no. 33693)

MARC details
000 -LEADER
fixed length control field 01161nam a22001937a 4500
003 - CONTROL NUMBER IDENTIFIER
control field JO-AjAnu
005 - DATE AND TIME OF LATEST TRANSACTION
control field 20240921094000.0
008 - FIXED-LENGTH DATA ELEMENTS--GENERAL INFORMATION
fixed length control field 240918b jo ||||| |||| 00| 0 ara d
040 ## - CATALOGING SOURCE
Original cataloging agency JO-AjAnu
Language of cataloging anu
Transcribing agency JO-AjAnu
041 ## - LANGUAGE CODE
Language code of original ara
100 ## - MAIN ENTRY--PERSONAL NAME
Personal name الغزاوي، ليلى حمد علي
Relator term معد
9 (RLIN) 66226
245 ## - TITLE STATEMENT
Title أثر خصائص رؤساء البلديات على الأداء المالي في بلديات إربد الكبرى في الأردن ، مخصص البلدية: متغير معدل = The Impact of the Characteristics of Mayors on financial Performance in the Municipalities of Greater Irbid in Jordan, Municipal Allocation: as A Moderating Variable
Statement of responsibility, etc. / اعداد ليلى حمد علي الغزاوي ؛ اشراف أحمد إبراهيم كراجه
260 ## - PUBLICATION, DISTRIBUTION, ETC.
Date of publication, distribution, etc. 2024
300 ## - PHYSICAL DESCRIPTION
Extent 136 ورقة
500 ## - GENERAL NOTE
General note رسالة جامعية (ماجستير) جامعة عجلون الوطنية / كلية الأعمال ، تخصص المحاسبة
650 ## - SUBJECT ADDED ENTRY--TOPICAL TERM
Form subdivision الادارة المالية-الادارة العامة-البلديات-الأردن
700 ## - ADDED ENTRY--PERSONAL NAME
Personal name كراجه، احمد ابراهيم
9 (RLIN) 64987
Relator term مشرف
942 ## - ADDED ENTRY ELEMENTS (KOHA)
Source of classification or shelving scheme Library of Congress Classification
Koha item type Thesis
Suppress in OPAC No
Holdings
Withdrawn status Lost status Source of classification or shelving scheme Damaged status Not for loan Home library Current library Date acquired Total Checkouts Full call number Barcode Date last seen Price effective from Koha item type
    Library of Congress Classification     مكتبة جامعة عجلون الوطنية مكتبة جامعة عجلون الوطنية 18/09/2024   HJ197.2024 A30045 18/09/2024 18/09/2024 Thesis
    Library of Congress Classification     مكتبة جامعة عجلون الوطنية مكتبة جامعة عجلون الوطنية 18/09/2024   HJ197.2024 A30044 18/09/2024 18/09/2024 Thesis